Statistics for Football (soccer) continental champions

Click here to take the quiz!

General Stats

  • This quiz has been taken 128 times
    (75 since last reset)
  • The average score is 40 of 50

Answer Stats

HintAnswer% Correct
South America (CONMEBOL)15Argentina
100%
Oceania (OFC) and Asia (AFC)5Australia
100%
South America (CONMEBOL)9Brazil
100%
North America (CONCACAF)7United States
100%
South America (CONMEBOL)15Uruguay
100%
North America (CONCACAF)11Mexico
99%
Africa (CAF)7Egypt
97%
Oceania (OFC)5New Zealand
97%
Europe (UEFA)3Germany and West Germany
96%
Europe (UEFA)3Spain
96%
Asia (AFC)4Japan
94%
South America (CONMEBOL)2Chile
93%
Europe (UEFA)2Italy
93%
North America (CONCACAF)1Canada
91%
Europe (UEFA)2France
91%
Africa (CAF)3Nigeria
91%
Asia (AFC)2South Korea
91%
Africa (CAF)1South Africa
90%
Africa (CAF)2Algeria
88%
South America (CONMEBOL)1Colombia
88%
Europe (UEFA)1Portugal
88%
Europe (UEFA)1Soviet Union
88%
Africa (CAF)5Cameroon
87%
South America (CONMEBOL)2Peru
87%
South America (CONMEBOL)2Paraguay
86%
Africa (CAF)4Ghana
84%
Europe (UEFA)1Greece
84%
Africa (CAF)1Morocco
84%
Europe (UEFA)1Netherlands
84%
Europe (UEFA)1Denmark
83%
Asia (AFC)3Iran
83%
Africa (CAF)2Ivory Coast
83%
South America (CONMEBOL)1Bolivia
80%
North America (CONCACAF)3Costa Rica
75%
Africa (CAF)1Tunisia
75%
Asia (AFC)3Saudi Arabia
72%
North America (CONCACAF)1Honduras
71%
Europe (UEFA)1Czechoslovakia
70%
Asia (AFC)1Iraq
67%
Africa (CAF)2Democratic republic of the Congo
61%
Africa (CAF)1Republic of the Congo
61%
Asia (AFC)1Qatar
59%
North America (CONCACAF)1Haiti
58%
North America (CONCACAF)1Guatemala
55%
Africa (CAF)1Zambia
52%
Africa (CAF)1Sudan
48%
Africa (CAF)1Ethiopia
45%
Asia (AFC)1Kuwait
45%
Asia (AFC)1Israel
43%
Oceania (OFC)1Tahiti
38%

Score Distribution

Percentile by Number Answered

Percent of People with Each Score

Your Score History

You have not taken this quiz since the last reset